000 00477nam a2200193Ia 4500
005 20240823051142.0
008 240823s9999||||xx |||||||||||||| ||und||
020 _a3-527-29553-4
041 _aENGLISH
082 _A629.27 P3
100 _aMarek J et al.
245 0 _aSensors for Automotive Technology
250 _a1st
260 _c2003
_bwiley
500 _aTRANSFERED
650 _aSensors for Automotive
_bAutomobile Engineering
942 _cBK
999 _c218911
_d218911